000 01260cam a2200385 4500
001 21244
003 VRT
005 20260225110649.0
008 210525s2021 xo g 010 f slo
015 _aSNBA2025/06
020 _a9788089821792
_q(viazané)
039 9 _a202506230941
_bmsnk176
_c202505281323
_dmsnk04
_c202106131148
_dAUTHORITY
_c202106131145
_dAUTHORITY
040 _aSNK
_bslo
_cSNK
_erda
041 0 _aslo
044 _axo
_cSK
072 7 _a821.162.4-3
_xSlovenská próza
_2konspekt
080 _a821.162.4-31
_22011
080 _a(0:82-312.5)
_22011
100 1 _aDedinská, Eva
_4aut
245 1 0 _aHanino tajomstvo
_cEva Dedinská
264 1 _a[Ivanka pri Dunaji]
_bBestseler
_c[2021]
300 _a288 strán
_c21 cm
336 _atext
_btxt
_2rdacontent
337 _abez média
_bn
_2rdamedia
338 _azväzok
_bnc
_2rdacarrier
500 _aMiesto a rok vydania podľa NA ISBN
655 7 _aslovenské romány
_2SNKPH
655 7 _aľúbostné romány
_2SNKPH
655 7 _aSlovak fiction
_2SNKPHeng
655 7 _aLove novels
_2SNKPHeng
942 _2ddc
_cKLDO
_n0
949 _617A1574573
_asnkSC 210589
_bsnk2025/8632
_o761/2025
949 _6273K0675887
_asvkpoA 250874
_bsvkpo664458
999 _c21244
_d21244